zpět

Detail výsledku týmu

Lidové sady, Liberec

Datum a čas kvízu

37 Celkem bodů Celkový počet nahraných bodů na tomto kvízu bez doplňovacích otázek.
2. Pořadí na kvízu Konečné umístění týmu na tomto kvízu.

Zaznamenané odpovědi

# Otázka Odpověď Body Výsledky
1. Město Praha minulý týden oznám... o jednorázové plastové nádobí 1
2. Okázalé zahájení návštěvy seve... Strojvůdce přejel místo, kde byl připraven červený koberec. 1
3. Minulý týden vstoupil do kin p... (Avengers:) Endgame 1
4. Jistý český internetový portál... Seznam.cz 0
5. Petra Kvitová se na antukovém... Stuttgart 1
6. Na obrázku vidíme jedno z nejs... Frísko 0
7. Jak se jmenuje bývalá nizozems... Beatrix 1
8. Nizozemsko se může pyšnit slav... brambory 1
9. V nizozemském Haagu sídlí jist... Shell 0
10. Mezi nejoblíbenější sporty v N... PSV Eindhoven 1